La segunda desaparicion de Majorana (Registro nro. 35714)

Detalles MARC
000 -CABECERA
Longitud fija campo de control 00699nam a2200229 b 4500
003 - • IDENTIFICADOR DELl NÚMERO DE CONTROL
Identificador del número de control CO-ViMGA
005 - • FECHA Y HORA DE LA ÚLTIMA TRANSACCIÓN
Fecha y hora de la última transacción 20230915233139.0
008 - • CÓDIGOS DE INFORMACIÓN DE LONGITUD FIJA
Códigos de información de longitud fija 051130s2005 sp | ||| ||spa
020 ## - • NÚMERO INTERNACIONAL NORMALIZADO PARA LIBROS
Número Internacional Normalizado para Libros (ISBN) 8493453293
040 ## - FUENTE DE LA CATALOGACIÓN
Centro catalogador de origen CO-ViMGA
Lengua de catalogación spa
Centro transcriptor CO-ViMGA
041 1# - • CÓDIGO DE LENGUA
Código de lengua original fre
082 04 - • NÚMERO DE LA CLASIFICACIÓN DECIMAL DEWEY
Número de clasificación (R) 863
Número del ítem B66s
100 1# - • PUNTO DE ACCESO PRINCIPAL-NOMBRE DE PERSONA
Nombre de persona Bonells, Jordi
Fechas asociadas al nombre 1951-
240 13 - • TÍTULO UNIFORME
Título uniforme <a href="La deuxim̈e disparition de Majorana">La deuxim̈e disparition de Majorana</a>
245 13 - • TITULO PROPIAMENTE DICHO
Título La segunda desaparicion de Majorana
Medio [Texto impreso]
Mención de responsabilidad, etc. Jordi Bonells ; traduccion y postfacio de Lluis Agusti
300 ## - • DESCRIPCI&Oacute;N F&Iacute;SICA
Extensión 206 p. :
Dimensiones 18 cm.
490 1# - • MENCI&Oacute;N DE SERIE
Mención de serie Literadura
650 14 - • PUNTO DE ACCESO ADICIONAL DE MATERIA - T&Eacute;RMINO DE MATERIA
Término de materia o nombre geográfico como elemento inicial Novela española
942 ## - ENTRADA DE ELEMENTOS AGREGADOS (KOHA)
Fuente de clasificaión o esquema Dewey Decimal Classification
Koha [por defecto] tipo de item LIbro
Existencias
Perdido Fuente de clasificaci&oacute;n o esquema Estado Físico No para pr&eacute;stamo Forma de adquisición Localizaci&oacute;n permanente Localizaci&oacute;n actual Fecha adquisici&oacute;n Pr&eacute;stamos totales Signatura completa C&oacute;digo de barras Fecha &uacute;ltima consulta Fecha &uacute;ltimo pr&eacute;stamo N&uacute;mero de copia Fecha del precio de reemplazo Tipo de item de Koha
  Dewey Decimal Classification     Sala General Segundo Piso Biblioteca Pública Germán Arciniegas - Villavicencio Biblioteca Pública Germán Arciniegas - Villavicencio 08/25/2016 1 863 B66s 30947 09/30/2016 09/30/2016 Ej. 1 08/25/2016 LIbro









Instituto Departamental de Cultura del Meta - Red Departamental de Bibliotecas Públicas del Meta.